Lynyrd Skynyrd: Albums by Cover - Statistics

General Stats
  • This quiz has been taken 12 times
  • The average score is 6 of 14
Answer Stats
Picture Hint Answer % Correct
1973 (Pronounced 'Lĕh-'nérd 'Skin-'nérd)
100%
1974 Second Helping
82%
1975 Nuthin' Fancy
64%
1977 Street Survivors
64%
1976 Gimme Back My Bullets
55%
2009 God & Guns
36%
2000 Christmas Time Again
27%
1999 Edge of Forever
27%
1994 Endangered Species
27%
1991 Lynyrd Skynyrd 1991
27%
1997 Twenty
27%
1993 The Last Rebel
18%
2003 Vicious Cycle
18%
2012 Last of a Dyin' Breed
9%
No matching quizzes found
Score Distribution
Percent of People with Each Score
Percentile by Number Answered
Your Score History
You have not taken this quiz